000 00997nam a2200265Ia 4500
003 OSt
005 20221005105306.0
006 a|||||r|||| 00| 0
007 ta
008 221004b |||||||| |||| 00| 0 hin d
020 _a9788178440651 (hbk)
_c695
024 _a15932
037 _bBL170, 07/01/2015, K. K. Publications
_cTextual
040 _aCRL
_cCRL
_bhin
041 _2hin
_ahin
082 _aV2:51.M57, 152P9
100 _aभावुक, कृष्ण
245 0 _a1857 का प्रथम स्वातन्×य समर और काव्य
246 _a1857 kā pratham swātan×ya samar aur kāvya
260 _aनई दिल्ली
_bके. के. पब्लिकेशन्स भारत
_c2009
300 _a300पृ0
_ccm.
650 _aविश्व-इतिहास
942 _hV2:51.M57, 152P9
_cTEXL
_2cc
999 _c1015386
_d1015386